<The> Dow Jones-Irwin Guide to Using The Wall Street Journal

Gespeichert in:
Bibliographische Detailangaben
1. Verfasser: Lehmann, Michael
Format: Buch
Sprache:Englisch
Veröffentlicht: Homewood Dow Jones-Irwin 1990
Ausgabe:3. ed.
Tags: Tag hinzufügen
Keine Tags, Fügen Sie das erste Tag hinzu!

MARC

LEADER 00000nam a2200000 4500
001 c024629
005 20221215113609.2
041 0 |a eng 
044 |a US 
245 1 0 |a <The> Dow Jones-Irwin Guide to Using The Wall Street Journal  |c Michael Lehmann 
250 |a 3. ed. 
264 1 |a Homewood  |b Dow Jones-Irwin  |c 1990 
300 |a 382 s. 
100 1 |a Lehmann, Michael